[Event "Mindsports Open 4th"]
[Site "London"]
[Date "2024.07.23"]
[Round "9.16"]
[White "Murawski, Jan"]
[Black "Dias, Savin"]
[Result "1/2-1/2"]
[WhiteElo "2121"]
[BlackElo "1954"]
[PlyCount "99"]
[EventDate "2024.07.18"]
[EventType "swiss"]
[EventRounds "9"]
[EventCountry "ENG"]
[SourceTitle "BritBase"]
[Source "John Saunders"]
[SourceDate "2024.08.27"]
[SourceVersion "1"]
[SourceVersionDate "2024.08.27"]
[SourceQuality "1"]

1. d4 Nf6 2. c4 e6 3. Nc3 Bb4 4. Nf3 c5 5. g3 Nc6 6. Bg2 Ne4 7. Bd2 Nxd2 8. Qxd2 cxd4 9. Nxd4 O-O 10. O-O Ne5 11. Qf4 Bxc3 12. bxc3 d6 13. c5 Nc4 14. Nb3 d5 15. e4 Na5 16. Rfd1 Nxb3 17. axb3 Qe7 18. exd5 Qxc5 19. d6 Bd7 20. Bxb7 Rab8 21. Qf3 f5 22. b4 Qb6 23. Ba6 f4 24. Qe2 Rf6 25. Rd4 fxg3 26. hxg3 Rbf8 27. Rf1 Rh6 28. Bd3 Bc6 29. Be4 Bb5 30. Bd3 Bc6 31. Be4 Bb5 32. Qd1 e5 33. Rd2 Bxf1 34. Kxf1 Rxd6 35. Qe2 Rfd8 36. Rxd6 Qxd6 37. Kg2 Qe7 38. Qh5 g6 39. Qe2 Kg7 40. Qe3 Rc8 41. Bd5 Rf8 42. c4 Qc7 43. b5 Rb8 44. Bc6 a6 45. Qa3 axb5 46. cxb5 Rxb5 47. Bxb5 Qb7+ 48. Kh2 Qxb5 49. Qe7+ Kg8 50. Qd8+ 1/2-1/2

[Event "Mindsports Rapidplay 4th"]
[Site "London"]
[Date "2024.07.19"]
[Round "1.1"]
[White "Teclaf, Pawel"]
[Black "Rubeck, Jonathan"]
[Result "1-0"]
[WhiteElo "2501"]
[BlackElo "1809"]
[PlyCount "91"]
[EventDate "2024.07.19"]
[EventType "swiss (rapid)"]
[EventRounds "5"]
[EventCountry "ENG"]
[SourceTitle "BritBase"]
[Source "John Saunders"]
[SourceDate "2024.08.27"]
[SourceVersion "1"]
[SourceVersionDate "2024.08.27"]
[SourceQuality "1"]

1. Nf3 d5 2. e3 e6 3. c4 Nf6 4. Nc3 Be7 5. b3 O-O 6. Bb2 b6 7. cxd5 exd5 8. g3 Bb7 9. Bg2 Nbd7 10. O-O c5 11. d4 Re8 12. Rc1 Ne4 13. Nd2 Nxd2 14. Qxd2 Nf6 15. Rfd1 cxd4 16. Qxd4 Bc5 17. Qa4 Qd6 18. b4 Bxb4 19. Nb5 Bc6 20. Nxd6 Bxa4 21. Nxe8 Bxe8 22. Bxf6 gxf6 23. Bxd5 Rb8 24. Bc6 Bc5 25. Bxe8 Rxe8 26. Rc4 a5 27. Rd5 Re5 28. Rxe5 fxe5 29. Kf1 f5 30. Ke2 Kf7 31. g4 Kf6 32. gxf5 Kxf5 33. Rh4 Kg6 34. Kd3 h5 35. Ke4 Kg5 36. Rh3 h4 37. Rf3 Bd6 38. h3 b5 39. Rf5+ Kg6 40. Rxe5 Bxe5 41. Kxe5 a4 42. Kd4 Kf5 43. f3 b4 44. Kc4 b3 45. axb3 a3 46. Kc3 1-0

[Event "Mindsports Rapidplay 4th"]
[Site "London"]
[Date "2024.07.19"]
[Round "1.2"]
[White "Razhnou, Lev"]
[Black "Janik, Igor"]
[Result "0-1"]
[WhiteElo "1718"]
[BlackElo "2469"]
[PlyCount "64"]
[EventDate "2024.07.19"]
[EventType "swiss (rapid)"]
[EventRounds "5"]
[EventCountry "ENG"]
[SourceTitle "BritBase"]
[Source "John Saunders"]
[SourceDate "2024.08.27"]
[SourceVersion "1"]
[SourceVersionDate "2024.08.27"]
[SourceQuality "1"]

1. d4 d6 2. Bf4 Nd7 3. Nf3 Ngf6 4. e3 Nh5 5. Bg5 h6 6. Bh4 g5 7. Nfd2 Ndf6 8. Be2 gxh4 9. Bxh5 c6 10. c4 Qa5 11. Bf3 h3 12. g3 h5 13. Nc3 Bg7 14. a3 Qf5 15. O-O Qg6 16. e4 Ng4 17. Nb3 h4 18. Qe2 Be6 19. d5 Bd7 20. dxc6 bxc6 21. c5 Rb8 22. Na5 Bd4 23. cxd6 Nxf2 24. Rxf2 hxg3 25. hxg3 Qxg3+ 26. Kh1 Bxf2 27. Rb1 Bg4 28. d7+ Kf8 29. d8=Q+ Rxd8 30. Nxc6 Bxf3+ 31. Qxf3 Qxf3+ 32. Kh2 Qg2# 0-1

[Event "Mindsports Rapidplay 4th"]
[Site "London"]
[Date "2024.07.19"]
[Round "1.3"]
[White "Badacsonyi, Stanley"]
[Black "Veeturi, Yashvardhan"]
[Result "1-0"]
[WhiteElo "2261"]
[BlackElo "1637"]
[PlyCount "80"]
[EventDate "2024.07.19"]
[EventType "swiss (rapid)"]
[EventRounds "5"]
[EventCountry "ENG"]
[SourceTitle "BritBase"]
[Source "John Saunders"]
[SourceDate "2024.08.27"]
[SourceVersion "1"]
[SourceVersionDate "2024.08.27"]
[SourceQuality "1"]

1. d4 e6 2. Nc3 f5 3. e4 fxe4 4. Nxe4 Nf6 5. Bg5 Be7 6. Bxf6 Bxf6 7. Nf3 O-O 8. Bd3 g6 9. h4 d5 10. Ng3 Qe7 11. c3 e5 12. Nxe5 Bxe5 13. dxe5 Qxe5+ 14. Qe2 Qxe2+ 15. Kxe2 Nc6 16. h5 g5 17. h6 Bg4+ 18. f3 Rae8+ 19. Kd2 Bd7 20. Rae1 Ne5 21. Rh5 Nf7 22. Rxe8 Rxe8 23. Nf5 Bxf5 24. Bxf5 Re5 25. g4 c5 26. b3 b6 27. c4 d4 28. Be4 Re6 29. Bd5 Rg6 30. f4 Kf8 31. f5 Rf6 32. a3 Nxh6 33. Rxg5 Nf7 34. Rh5 h6 35. b4 Rd6 36. Be6 Kg7 37. Bxf7 Kxf7 38. g5 hxg5 39. Rxg5 Rd7 40. Rg6 Re7 1-0

[Event "Mindsports Rapidplay 4th"]
[Site "London"]
[Date "2024.07.19"]
[Round "1.4"]
[White "Ba, Amy"]
[Black "Finn, Peter"]
[Result "0-1"]
[WhiteElo "1614"]
[BlackElo "2046"]
[PlyCount "64"]
[EventDate "2024.07.19"]
[EventType "swiss (rapid)"]
[EventRounds "5"]
[EventCountry "ENG"]
[SourceTitle "BritBase"]
[Source "John Saunders"]
[SourceDate "2024.08.27"]
[SourceVersion "1"]
[SourceVersionDate "2024.08.27"]
[SourceQuality "1"]

1. e4 c5 2. Nf3 Nc6 3. d4 cxd4 4. Nxd4 Nf6 5. Nc3 e6 6. Be2 Bb4 7. Nxc6 bxc6 8. e5 Nd5 9. Bd2 Nxc3 10. Bxc3 Bxc3+ 11. bxc3 Qg5 12. O-O Qxe5 13. Qd2 O-O 14. Rfe1 Qf6 15. Rab1 d5 16. Bd3 e5 17. c4 e4 18. Bf1 Be6 19. cxd5 cxd5 20. a3 Rfc8 21. Ba6 Rc5 22. Rb4 Qc3 23. Qxc3 Rxc3 24. Reb1 g5 25. Rb8+ Rxb8 26. Rxb8+ Kg7 27. h3 Rxc2 28. Ra8 d4 29. Kf1 d3 30. f3 d2 31. Rd8 e3 32. Ke2 Rc1 0-1

[Event "Mindsports Rapidplay 4th"]
[Site "London"]
[Date "2024.07.19"]
[Round "1.5"]
[White "Liu, Tianyi (Jack)"]
[Black "Balmond, Tom"]
[Result "1-0"]
[WhiteElo "2044"]
[BlackElo "1613"]
[PlyCount "61"]
[EventDate "2024.07.19"]
[EventType "swiss (rapid)"]
[EventRounds "5"]
[EventCountry "ENG"]
[SourceTitle "BritBase"]
[Source "John Saunders"]
[SourceDate "2024.08.27"]
[SourceVersion "1"]
[SourceVersionDate "2024.08.27"]
[SourceQuality "1"]

1. e4 e5 2. Nf3 Nc6 3. Bc4 Bc5 4. c3 Nf6 5. d4 exd4 6. e5 d5 7. Bb5 Ne4 8. cxd4 Be7 9. O-O O-O 10. Nbd2 Bg4 11. Qa4 Nb4 12. a3 a6 13. Be2 b5 14. Qb3 Nc6 15. Qc2 Nxd2 16. Qxd2 f6 17. Qc3 fxe5 18. dxe5 Qd7 19. h3 d4 20. Qd2 Bxf3 21. Bxf3 Rxf3 22. gxf3 Nxe5 23. Qe2 Bd6 24. f4 d3 25. Qe4 Ng6 26. Qxa8+ Kf7 27. Qd5+ Kf8 28. Qxd3 Nh4 29. Qg3 Nf5 30. Qg4 h5 31. Qxh5 1-0

[Event "Mindsports Rapidplay 4th"]
[Site "London"]
[Date "2024.07.19"]
[Round "1.6"]
[White "Patel, Zain"]
[Black "Singh, Avyanna"]
[Result "1-0"]
[WhiteElo "1964"]
[BlackElo "1594"]
[PlyCount "93"]
[EventDate "2024.07.19"]
[EventType "swiss (rapid)"]
[EventRounds "5"]
[EventCountry "ENG"]
[SourceTitle "BritBase"]
[Source "John Saunders"]
[SourceDate "2024.08.27"]
[SourceVersion "1"]
[SourceVersionDate "2024.08.27"]
[SourceQuality "1"]

1. d4 d5 2. c4 e6 3. Nc3 Nf6 4. cxd5 exd5 5. Bg5 Be7 6. e3 h6 7. Bh4 O-O 8. Bd3 c6 9. Qc2 Be6 10. Nge2 Bd6 11. e4 Be7 12. e5 Nfd7 13. Bxe7 Qxe7 14. O-O c5 15. Nb5 Na6 16. a3 cxd4 17. Nbxd4 Nxe5 18. Bxa6 bxa6 19. Rfe1 Rac8 20. Nc3 Qf6 21. Qe2 Nc6 22. Nxe6 fxe6 23. Qxe6+ Qxe6 24. Rxe6 d4 25. Nd5 Rf7 26. Rd1 Rcf8 27. Rxc6 Rxf2 28. Rc8 Rxb2 29. Ne7+ Kf7 30. Rf1+ Kxe7 31. Rcxf8 d3 32. R8f2 Rb3 33. Rd2 Rxa3 34. Rfd1 Ke6 35. Rxd3 Rxd3 36. Rxd3 Ke7 37. Ra3 Ke6 38. Rxa6+ Kf5 39. Rxa7 Kg5 40. Rxg7+ Kh5 41. Kf2 Kh4 42. Kf3 h5 43. g4 hxg4+ 44. Rxg4+ Kh3 45. Rg3+ Kxh2 46. Kf2 Kh1 47. Rh3# 1-0

[Event "Mindsports Rapidplay 4th"]
[Site "London"]
[Date "2024.07.19"]
[Round "1.7"]
[White "Tsang, Timothy"]
[Black "Vesciunas, Tomas"]
[Result "0-1"]
[WhiteElo "1270"]
[BlackElo "1872"]
[PlyCount "62"]
[EventDate "2024.07.19"]
[EventType "swiss (rapid)"]
[EventRounds "5"]
[EventCountry "ENG"]
[SourceTitle "BritBase"]
[Source "John Saunders"]
[SourceDate "2024.08.27"]
[SourceVersion "1"]
[SourceVersionDate "2024.08.27"]
[SourceQuality "1"]

1. d4 Nf6 2. c4 e6 3. g3 Bb4+ 4. Bd2 Qe7 5. a3 Bxd2+ 6. Nxd2 d6 7. Ngf3 Nbd7 8. Bg2 O-O 9. O-O e5 10. Qc2 c6 11. Rfd1 e4 12. Nh4 d5 13. f3 e3 14. Nf1 dxc4 15. Qxc4 Nb6 16. Qb3 g5 17. Nxe3 gxh4 18. gxh4 Nfd5 19. Nf5 Bxf5 20. e4 Be6 21. exd5 Bxd5 22. Qc2 Qxh4 23. Kh1 Kh8 24. Rg1 Qxd4 25. Qf5 Be6 26. Qh5 Rg8 27. Rae1 Rg7 28. Re4 Qf6 29. Rd1 Rag8 30. Rh4 Nd5 31. Rdd4 Qg6 0-1

[Event "Mindsports Rapidplay 4th"]
[Site "London"]
[Date "2024.07.19"]
[Round "1.9"]
[White "Cheng, Tsz In"]
[Black "Fortunato, Bartolomeo"]
[Result "1-0"]
[WhiteElo "1603"]
[BlackElo "1579"]
[PlyCount "51"]
[EventDate "2024.07.19"]
[EventType "swiss (rapid)"]
[EventRounds "5"]
[EventCountry "ENG"]
[SourceTitle "BritBase"]
[Source "John Saunders"]
[SourceDate "2024.08.27"]
[SourceVersion "1"]
[SourceVersionDate "2024.08.27"]
[SourceQuality "1"]

1. d4 Nf6 2. Bg5 e6 3. Nd2 d5 4. e3 c5 5. c3 Nc6 6. Bd3 c4 7. Bc2 Be7 8. f4 Qb6 9. Rb1 Bd7 10. Ngf3 h6 11. Bxf6 Bxf6 12. O-O O-O 13. Ne5 Nxe5 14. fxe5 Bg5 15. Qe2 Be8 16. Nf3 Qd8 17. e4 Bc6 18. Nxg5 Qxg5 19. Rf3 b5 20. Rg3 Qh4 21. Rg4 Qe7 22. Rf1 dxe4 23. Rf6 Kh8 24. Qe3 h5 25. Qh6+ gxh6 26. Rxh6# 1-0

[Event "Mindsports Rapidplay 4th"]
[Site "London"]
[Date "2024.07.19"]
[Round "2.1"]
[White "Liu, Tianyi (Jack)"]
[Black "Teclaf, Pawel"]
[Result "0-1"]
[WhiteElo "2044"]
[BlackElo "2501"]
[PlyCount "40"]
[EventDate "2024.07.19"]
[EventType "swiss (rapid)"]
[EventRounds "5"]
[EventCountry "ENG"]
[SourceTitle "BritBase"]
[Source "John Saunders"]
[SourceDate "2024.08.27"]
[SourceVersion "1"]
[SourceVersionDate "2024.08.27"]
[SourceQuality "1"]

1. e4 d6 2. d4 Nf6 3. Nc3 c6 4. Nf3 Bg4 5. Be2 e6 6. h3 Bh5 7. O-O d5 8. e5 Nfd7 9. Be3 Be7 10. Qd2 O-O 11. Nd1 c5 12. c3 Nc6 13. Bf4 Qb6 14. g4 Bg6 15. Ne3 cxd4 16. cxd4 Be4 17. Rfd1 Bb4 18. Qc1 Rac8 19. Nf1 Nxd4 20. Qe3 Nxf3+ 0-1

[Event "Mindsports Rapidplay 4th"]
[Site "London"]
[Date "2024.07.19"]
[Round "2.2"]
[White "Janik, Igor"]
[Black "Patel, Zain"]
[Result "1-0"]
[WhiteElo "2469"]
[BlackElo "1964"]
[PlyCount "75"]
[EventDate "2024.07.19"]
[EventType "swiss (rapid)"]
[EventRounds "5"]
[EventCountry "ENG"]
[SourceTitle "BritBase"]
[Source "John Saunders"]
[SourceDate "2024.08.27"]
[SourceVersion "1"]
[SourceVersionDate "2024.08.27"]
[SourceQuality "1"]

1. e4 c6 2. Nf3 d5 3. d3 dxe4 4. dxe4 Qxd1+ 5. Kxd1 Nf6 6. Nfd2 Ng4 7. Ke1 f5 8. h3 Nf6 9. Bd3 fxe4 10. Nxe4 Nbd7 11. Bf4 Nxe4 12. Bxe4 Nf6 13. Bd3 g6 14. Nc3 Bg7 15. Be5 O-O 16. Bc4+ Kh8 17. Rd1 Bf5 18. Bb3 Rad8 19. Ke2 Nd5 20. Bxg7+ Kxg7 21. Nxd5 cxd5 22. Rxd5 Rxd5 23. Bxd5 Bxc2 24. Rc1 Rd8 25. Bxb7 Bd3+ 26. Ke3 Bb5 27. Be4 Rd7 28. b3 e6 29. a4 Ba6 30. Rc6 Bf1 31. Rxe6 Rc7 32. Bd5 Rc3+ 33. Kf4 Rc2 34. Kg3 Rd2 35. Bf3 a6 36. Re1 Bd3 37. Re7+ Kh6 38. Rd7 1-0

[Event "Mindsports Rapidplay 4th"]
[Site "London"]
[Date "2024.07.19"]
[Round "2.3"]
[White "Vesciunas, Tomas"]
[Black "Badacsonyi, Stanley"]
[Result "0-1"]
[WhiteElo "1872"]
[BlackElo "2261"]
[PlyCount "65"]
[EventDate "2024.07.19"]
[EventType "swiss (rapid)"]
[EventRounds "5"]
[EventCountry "ENG"]
[SourceTitle "BritBase"]
[Source "John Saunders"]
[SourceDate "2024.08.27"]
[SourceVersion "1"]
[SourceVersionDate "2024.08.27"]
[SourceQuality "1"]

1. d4 Nf6 2. c4 c5 3. d5 b5 4. cxb5 a6 5. f3 axb5 6. e4 Qa5+ 7. b4 Qxb4+ 8. Bd2 Qd4 9. Nc3 b4 10. Nb5 Qe5 11. Bd3 Na6 12. f4 Qb8 13. Bc4 Nxe4 14. Nf3 g6 15. Qc2 Nxd2 16. Qxd2 Bg7 17. Rc1 d6 18. O-O O-O 19. Rfe1 Bd7 20. a4 bxa3 21. Nxa3 Re8 22. Rb1 Qc8 23. Nb5 Nb4 24. Re2 Qa6 25. Nc7 Qxc4 26. Nxa8 Rxa8 27. Rxe7 Bf5 28. Rbe1 Bf6 29. Re8+ Rxe8 30. Rxe8+ Kg7 31. g4 Bxg4 32. Ne5 Qe2 33. Qd1 0-1

[Event "Mindsports Rapidplay 4th"]
[Site "London"]
[Date "2024.07.19"]
[Round "2.4"]
[White "Finn, Peter"]
[Black "Sood, Vineet"]
[Result "1-0"]
[WhiteElo "2046"]
[BlackElo "1817"]
[PlyCount "53"]
[EventDate "2024.07.19"]
[EventType "swiss (rapid)"]
[EventRounds "5"]
[EventCountry "ENG"]
[SourceTitle "BritBase"]
[Source "John Saunders"]
[SourceDate "2024.08.27"]
[SourceVersion "1"]
[SourceVersionDate "2024.08.27"]
[SourceQuality "1"]

1. d4 f5 2. Nf3 Nf6 3. g3 e6 4. Bg2 Be7 5. O-O O-O 6. b3 d6 7. Bb2 Nbd7 8. c4 c6 9. Nc3 e5 10. c5 h6 11. cxd6 Bxd6 12. Nb5 cxb5 13. dxe5 Be7 14. exf6 Bxf6 15. Qd5+ Kh8 16. Bxf6 Qxf6 17. Qxb5 f4 18. Rad1 a6 19. Qh5 fxg3 20. fxg3 Qb6+ 21. Kh1 Nf6 22. Qh4 Ng4 23. Rd4 Rxf3 24. Qd8+ Qxd8 25. Rxd8+ Kh7 26. Rxf3 b5 27. Rff8 1-0

[Event "Mindsports Rapidplay 4th"]
[Site "London"]
[Date "2024.07.19"]
[Round "2.5"]
[White "Andal, Edmond"]
[Black "Cheng, Tsz In"]
[Result "1-0"]
[WhiteElo "1932"]
[BlackElo "1603"]
[PlyCount "121"]
[EventDate "2024.07.19"]
[EventType "swiss (rapid)"]
[EventRounds "5"]
[EventCountry "ENG"]
[SourceTitle "BritBase"]
[Source "John Saunders"]
[SourceDate "2024.08.27"]
[SourceVersion "1"]
[SourceVersionDate "2024.08.27"]
[SourceQuality "1"]

1. Nf3 c6 2. b3 d5 3. Bb2 Nf6 4. e3 Bf5 5. d4 e6 6. Bd3 Bg6 7. O-O Ne4 8. Ne5 f5 9. f3 Nf6 10. Nd2 Nbd7 11. Qe2 Bd6 12. Rad1 Qc7 13. f4 O-O 14. Nxg6 hxg6 15. Rf3 Kf7 16. Rg3 Rh8 17. Nf3 Nf8 18. c4 N8h7 19. c5 Be7 20. Ne5+ Kg8 21. Nxg6 Kf7 22. Nxh8+ Rxh8 23. Bc3 g6 24. b4 Nh5 25. Rh3 N7f6 26. a4 Qc8 27. Rb1 Qg8 28. b5 g5 29. fxg5 Qxg5 30. bxc6 bxc6 31. Bd2 Qg7 32. Ba5 Nf4 33. exf4 Rxh3 34. Bc7 Rxh2 35. Kxh2 Ng4+ 36. Kg1 Qxd4+ 37. Kf1 Bxc5 38. Ke1 Bb4+ 39. Rxb4 Qxb4+ 40. Qd2 Qd4 41. a5 Qa1+ 42. Qd1 Qc3+ 43. Ke2 Qd4 44. Qd2 Qg1 45. Kf3 Nh2+ 46. Kg3 Ng4 47. Bb8 Qh2+ 48. Kf3 Qh5 49. Bxa7 Ne5+ 50. Ke3 Ng4+ 51. Kf3 Ne5+ 52. Kf2 Ng4+ 53. Kg3 Qh2+ 54. Kf3 Qh5 55. a6 Ne5+ 56. Ke3 Ng4+ 57. Kf3 Ne5+ 58. Kf2 Qh4+ 59. Ke3 Ng4+ 60. Ke2 Qf2+ 61. Bxf2 1-0

[Event "Mindsports Rapidplay 4th"]
[Site "London"]
[Date "2024.07.19"]
[Round "2.6"]
[White "Rubeck, Jonathan"]
[Black "Balmond, Tom"]
[Result "0-1"]
[WhiteElo "1809"]
[BlackElo "1613"]
[PlyCount "52"]
[EventDate "2024.07.19"]
[EventType "swiss (rapid)"]
[EventRounds "5"]
[EventCountry "ENG"]
[SourceTitle "BritBase"]
[Source "John Saunders"]
[SourceDate "2024.08.27"]
[SourceVersion "1"]
[SourceVersionDate "2024.08.27"]
[SourceQuality "1"]

1. e4 e5 2. Nf3 Nc6 3. d4 exd4 4. Bc4 Nf6 5. e5 d5 6. Bb5 Ne4 7. Nxd4 Bd7 8. Bxc6 bxc6 9. O-O Be7 10. f3 Ng5 11. f4 Ne4 12. Be3 O-O 13. f5 c5 14. Nb3 d4 15. Bc1 Re8 16. Qg4 Bc6 17. f6 Bxf6 18. exf6 Nxf6 19. Qf5 c4 20. Nc5 Re2 21. Rf2 Re1+ 22. Rf1 Re2 23. Rd1 Rxg2+ 24. Kf1 Ng4 25. Bf4 Qe7 26. Re1 Rf2+ 0-1

[Event "Mindsports Rapidplay 4th"]
[Site "London"]
[Date "2024.07.19"]
[Round "2.7"]
[White "Singh, Avyanna"]
[Black "Razhnou, Lev"]
[Result "0-1"]
[WhiteElo "1594"]
[BlackElo "1718"]
[PlyCount "82"]
[EventDate "2024.07.19"]
[EventType "swiss (rapid)"]
[EventRounds "5"]
[EventCountry "ENG"]
[SourceTitle "BritBase"]
[Source "John Saunders"]
[SourceDate "2024.08.27"]
[SourceVersion "1"]
[SourceVersionDate "2024.08.27"]
[SourceQuality "1"]

1. e4 e6 2. d4 d5 3. Nc3 Nf6 4. exd5 exd5 5. Bd3 Bd6 6. Nf3 Bg4 7. h3 Bh5 8. Bg5 c6 9. Qe2+ Qe7 10. Bxf6 gxf6 11. Qxe7+ Kxe7 12. g4 Bg6 13. O-O-O Nd7 14. Rhe1+ Kf8 15. h4 Re8 16. Rg1 Re7 17. Kb1 Kg7 18. g5 fxg5 19. Rxg5 f6 20. Rgg1 Kf7 21. Rh1 Bh5 22. Ng5+ fxg5 23. Rdf1 Bf3 24. Rhg1 g4 25. Re1 Rxe1+ 26. Rxe1 Re8 27. Rxe8 Kxe8 28. Bxh7 Kf7 29. Bf5 Nf6 30. Bc8 b6 31. Bb7 c5 32. dxc5 Bxc5 33. Na4 Bxf2 34. Kc1 g3 35. Nc3 g2 36. Kd2 g1=Q 37. Bxd5+ Nxd5 38. Nxd5 Bxd5 39. Ke2 Qe1+ 40. Kd3 Qe4+ 41. Kc3 Qd4# 0-1

[Event "Mindsports Rapidplay 4th"]
[Site "London"]
[Date "2024.07.19"]
[Round "2.8"]
[White "Veeturi, Yashvardhan"]
[Black "Tsang, Timothy"]
[Result "1/2-1/2"]
[WhiteElo "1637"]
[BlackElo "1270"]
[PlyCount "62"]
[EventDate "2024.07.19"]
[EventType "swiss (rapid)"]
[EventRounds "5"]
[EventCountry "ENG"]
[SourceTitle "BritBase"]
[Source "John Saunders"]
[SourceDate "2024.08.27"]
[SourceVersion "1"]
[SourceVersionDate "2024.08.27"]
[SourceQuality "1"]

1. e4 c5 2. Nc3 e6 3. f4 Nc6 4. Nf3 d6 5. Bb5 Nge7 6. O-O Bd7 7. d4 cxd4 8. Nxd4 g6 9. Nxc6 Nxc6 10. Bxc6 Bxc6 11. Qd4 Rg8 12. f5 gxf5 13. g3 Bg7 14. Qf2 f4 15. Qxf4 Qe7 16. Bd2 Be5 17. Qf3 Rg7 18. Bf4 Bxc3 19. bxc3 O-O-O 20. Qd3 e5 21. Be3 Rdg8 22. Bxa7 h5 23. Rad1 h4 24. Bf2 Qe6 25. Qxd6 Qh3 26. Bb6 Rxg3+ 27. Kf2 Rg2+ 28. Ke1 Qxc3+ 29. Rd2 Qa1+ 30. Rd1 Qc3+ 31. Rd2 Qa1+ 1/2-1/2

[Event "Mindsports Rapidplay 4th"]
[Site "London"]
[Date "2024.07.19"]
[Round "2.9"]
[White "Fortunato, Bartolomeo"]
[Black "Ba, Amy"]
[Result "1-0"]
[WhiteElo "1579"]
[BlackElo "1614"]
[PlyCount "95"]
[EventDate "2024.07.19"]
[EventType "swiss (rapid)"]
[EventRounds "5"]
[EventCountry "ENG"]
[SourceTitle "BritBase"]
[Source "John Saunders"]
[SourceDate "2024.08.27"]
[SourceVersion "1"]
[SourceVersionDate "2024.08.27"]
[SourceQuality "1"]

1. e4 e6 2. d4 d5 3. exd5 exd5 4. Bf4 Nf6 5. Bd3 Bd6 6. Bxd6 Qxd6 7. Qe2+ Qe7 8. Qxe7+ Kxe7 9. Nd2 Be6 10. O-O-O Nbd7 11. h3 Rae8 12. f4 Nb6 13. Ngf3 c6 14. Rhe1 Kd8 15. g4 h6 16. Nb3 Bc8 17. Ne5 Rhf8 18. Re3 Nbd7 19. Rde1 Nxe5 20. Rxe5 Rxe5 21. dxe5 Nd7 22. c4 Nb6 23. c5 Nd7 24. Bf5 Nb8 25. Nd4 Re8 26. a3 g6 27. Bxc8 Kxc8 28. e6 fxe6 29. Rxe6 Rxe6 30. Nxe6 Nd7 31. b4 b6 32. cxb6 axb6 33. Kd2 Nf6 34. Nf8 g5 35. fxg5 hxg5 36. Ke3 Ne4 37. Ng6 Kd7 38. h4 gxh4 39. Nxh4 Ke6 40. Nf5 Kf6 41. a4 Ng5 42. a5 bxa5 43. bxa5 Ne6 44. Nd4 Nc7 45. Nxc6 Na6 46. Kd4 Kg5 47. Ne5 Nb4 48. Kc5 1-0

[Event "Mindsports Rapidplay 4th"]
[Site "London"]
[Date "2024.07.19"]
[Round "3.1"]
[White "Teclaf, Pawel"]
[Black "Finn, Peter"]
[Result "1/2-1/2"]
[WhiteElo "2501"]
[BlackElo "2046"]
[PlyCount "101"]
[EventDate "2024.07.19"]
[EventType "swiss (rapid)"]
[EventRounds "5"]
[EventCountry "ENG"]
[SourceTitle "BritBase"]
[Source "John Saunders"]
[SourceDate "2024.08.27"]
[SourceVersion "1"]
[SourceVersionDate "2024.08.27"]
[SourceQuality "1"]

1. Nf3 Nf6 2. g3 d5 3. Bg2 Bf5 4. c4 c6 5. cxd5 cxd5 6. Qb3 Qb6 7. Qxb6 axb6 8. Nc3 e6 9. d3 Bb4 10. Bd2 h6 11. Nb5 Bxd2+ 12. Kxd2 Ke7 13. Nfd4 Bh7 14. Rhc1 Na6 15. f4 Rac8 16. Rc3 Rc5 17. a3 Rhc8 18. b4 Rxc3 19. Nxc3 Nb8 20. Rc1 Kd7 21. Na4 Rxc1 22. Nxb6+ Kc7 23. Na8+ Kc8 24. Kxc1 Nbd7 25. f5 Bxf5 26. e4 dxe4 27. dxe4 Bh7 28. e5 Ne8 29. Nb3 Kb8 30. Na5 Kxa8 31. Bxb7+ Kb8 32. Bc6 Kc7 33. b5 Kd8 34. Nb7+ Ke7 35. a4 Nxe5 36. Bg2 Bd3 37. b6 Nd6 38. Nc5 Bc4 39. a5 Nd7 40. b7 Nxb7 41. Nxb7 Nb8 42. Kd2 Kd7 43. Kc3 Ba6 44. Nc5+ Kd6 45. Kb4 Be2 46. Ne4+ Kc7 47. Nc3 Na6+ 48. Kb3 Bd3 49. Na4 Bb5 50. Nc3 Bd3 51. Na4 1/2-1/2

[Event "Mindsports Rapidplay 4th"]
[Site "London"]
[Date "2024.07.19"]
[Round "3.2"]
[White "Badacsonyi, Stanley"]
[Black "Janik, Igor"]
[Result "0-1"]
[WhiteElo "2261"]
[BlackElo "2469"]
[PlyCount "104"]
[EventDate "2024.07.19"]
[EventType "swiss (rapid)"]
[EventRounds "5"]
[EventCountry "ENG"]
[SourceTitle "BritBase"]
[Source "John Saunders"]
[SourceDate "2024.08.27"]
[SourceVersion "1"]
[SourceVersionDate "2024.08.27"]
[SourceQuality "1"]

1. d4 d6 2. e4 g6 3. Nc3 c6 4. Be3 Bg7 5. f3 b5 6. Qd2 a5 7. h4 h5 8. Nh3 Bxh3 9. Rxh3 Nf6 10. Rd1 Nbd7 11. Be2 Qc7 12. Kf2 Nb6 13. b3 Nfd7 14. d5 b4 15. dxc6 Bxc3 16. cxd7+ Nxd7 17. Qd5 O-O 18. Rg3 Kh7 19. Qg5 Nf6 20. Bc4 d5 21. Bxd5 Nxd5 22. Rxd5 Bg7 23. Rc5 Qd6 24. Rd5 Qc6 25. Rc5 Qe6 26. Qd5 Qxd5 27. Rxd5 Rfc8 28. Rd2 Rc6 29. Rg5 e5 30. Rg3 Rac8 31. Rh3 Rxc2 32. Rh1 Rxd2+ 33. Bxd2 Rc2 34. Rd1 Rxa2 35. Ke1 Bf6 36. g3 Rb2 37. Ra1 Rxb3 38. Ke2 Bd8 39. Rd1 Bb6 40. Bg5 Rb2+ 41. Ke1 Bf2+ 42. Kf1 Bd4 43. f4 Rf2+ 44. Ke1 Rf3 45. fxe5 Bxe5 46. Rd5 f6 47. Rd7+ Kh8 48. Bh6 b3 49. Rb7 b2 50. Ke2 Rxg3 51. Be3 a4 52. Bc5 Rb3 0-1

[Event "Mindsports Rapidplay 4th"]
[Site "London"]
[Date "2024.07.19"]
[Round "3.3"]
[White "Varghese, David"]
[Black "Andal, Edmond"]
[Result "0-1"]
[WhiteElo "1521"]
[BlackElo "1932"]
[PlyCount "98"]
[EventDate "2024.07.19"]
[EventType "swiss (rapid)"]
[EventRounds "5"]
[EventCountry "ENG"]
[SourceTitle "BritBase"]
[Source "John Saunders"]
[SourceDate "2024.08.27"]
[SourceVersion "1"]
[SourceVersionDate "2024.08.27"]
[SourceQuality "1"]

1. e4 c5 2. Nc3 e6 3. g3 Nc6 4. Bg2 g6 5. d3 Bg7 6. Nge2 Nge7 7. O-O O-O 8. Be3 Nd4 9. Qd2 Re8 10. Rac1 d6 11. Rfd1 e5 12. Bh6 Bh8 13. f4 Bg4 14. h3 Bxh3 15. Nxd4 exd4 16. Bxh3 dxc3 17. bxc3 Qa5 18. d4 Nc6 19. dxc5 Qxc5+ 20. Kh2 Bxc3 21. Qe2 Rad8 22. Bg5 f6 23. Rd5 Qxd5 24. exd5 Rxe2+ 25. Kg1 fxg5 26. dxc6 bxc6 27. fxg5 Bd2 28. Rf1 Rf8 29. Rxf8+ Kxf8 30. Kf1 Re5 31. Bd7 Rc5 32. Ke2 Bxg5 33. Kd3 Ke7 34. Bh3 Ra5 35. Bg2 Kd7 36. Kc3 Ra3+ 37. Kb4 Rxg3 38. Bf1 h5 39. Bd3 h4 40. Bxg6 Bd2+ 41. Kc4 Rxg6 42. Kd3 Bc1 43. Ke2 h3 44. Kd1 Bb2 45. c4 h2 46. Kc2 h1=Q 47. Kxb2 Qf3 48. Kc2 Rg2+ 49. Kc1 Qf1# 0-1